| 000 | 009410000a22002170004500 | ||
|---|---|---|---|
| 041 | 0 | _aSPA | |
| 082 | 0 | 4 | _aG 301.29861 N2183g |
| 100 | 1 | _aNaranjo Villegas, Abel | |
| 245 | 1 | 0 | _aGeneraciones colombianas / Abel Naranjo Villegas |
| 260 | _aBogotá, Colombia : Artes graficas "Centro don Bosco" | ||
| 300 | _a157 páginas / 2 hojas plegables | ||
| 440 | 0 | _aColección Brevarios Colombianos ; número 2 | |
| 501 | _arústico | ||
| 505 | 0 | 0 | _aLa razón dialéctica de las generaciones -- Razón pura y razón histórica -- Una cultura subjetiva -- Generaciones biológicas y generaciones históricas -- Negatividad de influencias -- En las fronteras de la autenticidad |
| 650 | 1 | 4 | _aCOLOMBIA - HISTORIA \ CIENCIAS POLITICAS \ HISTORIA SOCIAL - COLOMBIA \ HISTORIA ECONOMICA - COLOMBIA |
| 001 | 18404 | ||
| 942 | _cBK | ||
| 999 |
_c44842 _d44842 |
||
| 336 |
_atexto _btxt _2rdacontent |
||
| 337 |
_2rdamedia _asin mediación _bn |
||
| 338 |
_2rdacarrier _avolumen _bnc |
||